000 00298nam a22001337a 4500
008 170508b xxu||||| |||| 00| 0 eng d
020 _a09423260901
041 _aeng
080 _a342
100 _a15
101 _aSHJ
245 _aPROPERTY AND CASUALTY INSURANCE
_cGORDIS, P
942 _2udc
_cBK
999 _c12992
_d12992